000 00462nam a2200181Ia 4500
001 3656
005 20260306145659.0
008 260306t1984||||xx |||||||||||||| ||spa||
041 _aESP
082 _a301
_bS29B
100 _aSchawartz, Howard
_eAUT
245 0 _aSociología cualitativa:
_bmétodo para la reconstrucción de la realidad
260 _c1984
300 _a558 páginas :
_c23 m.
650 _aGEN
654 _aCHU
942 _cLIB
_dJUS
_fJUS
_2ddc
_n
999 _c3656
_d3656